000 00918nam a2200277Ia 4500
001 Para_8119
003 CHAP
008 220125s9999 xx 000 0 und d
010 _a207024
040 _cCHAP
082 _aPA-C 595.75 H4
100 _aBeamer, R.H.
245 _aA new erythroneura relatd to erythroneura rubricata (Van D.) (Homoptera, cicadellidae) /
_c by R.H. Beamer
300 _a2 p.
440 _aHemiptera; 14
_9173407
500 _aSobretiro de: The Pan-Pacific Entomologist 8 (4): 183-184, 1932. Encuadernado con otros impresos similares
650 _a
_x Hemípteros
_x colecciones de escritos
_x Erythroneura
_x Cicadelidos
_9172063
710 _aThe Pan
_xPacific Entomologist 8 (4)
_9171943
901 _aPA-C 595.75 H4
902 _aA
905 _a000000 0000000000 00
910 _a
942 _cPARA
942 _cPARA
_d1
999 _c207024
_d207024